000 00772nam a22001815i 4500
001 166427
003 ES-MaACL
005 20240126063022.0
008 000208s1893 fr |||| | fre d
040 _aCCPB | B
_bspa
_cCCPB | B
100 1 _aTolstói, Lev,
_d1828-1910
_9110489
245 1 3 _aLe salut est en vous /
_cComte Léon Tosltoï.
250 _aÉdition originale.
260 _aParis :
_bLibrairie Académique Didier :
_bPerrin et C\pie\s, libraires-éditeurs,
_c1893.
300 _a[4], 390 p. ;
_c19 cm.
852 _aES-MaACL
_jF-9566
_z-- Enc. hol. conservando la cub. original
_x-- Edic.: La pag. es [4], 389. [1] p. - En colofón consta el imp.: Tours : Imprimerie Deslis frères -- En la cub. original consta: Troisième mille
999 _c166427
_d166427